| 000 | 00413nam a22001337a 4500 | ||
|---|---|---|---|
| 008 | 131210b xxu||||| |||| 00| 0 eng d | ||
| 050 | _aBX1378.6.F5713 2005 | ||
| 100 |
_aFischer, H.J. _95490 |
||
| 245 |
_aPope Benedict XVI _bA Personal Portrait _c H.J. Fischer |
||
| 260 |
_aNew York _bCrossroad Publishing Company _c2005 |
||
| 300 |
_ax, 213p. ; _c22cm. |
||
| 600 |
_aBenedict XVI _95491 |
||
| 942 |
_2lcc _cMONOGRAPH |
||
| 999 |
_c119197 _d119197 |
||